Nespokojenost v civilizaci

Salvato in:
Dettagli Bibliografici
Autore principale: Freud, Sigmund
Natura: Libro
Lingua:ceco
Pubblicazione: Praha Jan Kučera 2023
Edizione:1. vydání
Soggetti:
Tags: Aggiungi Tag
Nessun Tag, puoi essere il primo ad aggiungerne!!

MARC

LEADER 00000nam a2200000 4500
001 0305157
005 20250102152328.0
020 |a 978-80-11-03141-1 
041 0 |a cze 
044 |a CZ 
245 1 0 |a Nespokojenost v civilizaci  |c Sigmund Freud 
250 |a 1. vydání 
264 1 |a Praha  |b Jan Kučera  |c 2023 
300 |a 79 s. 
610 2 0 |a psychológia 
610 2 0 |a myslenie kritické 
610 2 0 |a neuroveda 
610 2 0 |a spoločnosť 
100 1 |a Freud, Sigmund